Szubjektív jól-lét vizsgálata primerkutatással az USA-ban, Oroszországban és hazánkban

Bibliographic Details
Main Author: Al-Zaghír-Tóth Szulamit
Other Authors: Brávácz Dr. Ibolya
Format: Thesis
Kulcsszavak:szubjektív
jól-lét
USA
Oroszország
vizsgálat
Online Access:http://dolgozattar.uni-bge.hu/3933

MARC

LEADER 00000nta a2200000 i 4500
001 dolg3933
005 20160206130007.0
008 151202suuuu hu om 000 hun d
040 |a BGE Dolgozattár Repozitórium  |b hun 
041 |a hu 
100 1 |a Al-Zaghír-Tóth Szulamit 
245 1 0 |a Szubjektív jól-lét vizsgálata primerkutatással az USA-ban, Oroszországban és hazánkban  |c Al-Zaghír-Tóth Szulamit  |h [elektronikus dokumentum] 
695 |a szubjektív 
695 |a jól-lét 
695 |a USA 
695 |a Oroszország 
695 |a vizsgálat 
700 1 |a Brávácz Dr. Ibolya  |e ths 
856 4 0 |u http://dolgozattar.uni-bge.hu/3933/1/SZAKDOLGOZAT.pdf  |z Dokumentum-elérés